Antología de las mil y una noches

Gorde:
Xehetasun bibliografikoak
Egile nagusia: Samsó, Julio (Egilea)
Formatua: Liburua
Hizkuntza:gaztelania
Argitaratua: Barcelona Orbis 1983
Saila:Historia Universal de la literatura
Gaiak:
Etiketak: Etiketa erantsi
Etiketarik gabe, Izan zaitez lehena erregistro honi etiketa jartzen!

MARC

LEADER 00000nam a2200000 a 4500
001 UCU9512
003 CL-VaPUC
008 960823e19830000SP |||||||||||||||||spa|d
082 0 4 |a 892.703  |b SAM  |2 21 
100 0 |a Samsó, Julio  |e author  |9 368703 
245 1 0 |a Antología de las mil y una noches 
300 |a 365 p 
942 |c BK 
945 |d 19960823 00:00:00  |a rleighto 
260 |a Barcelona  |b Orbis  |c 1983 
650 7 |a CUENTOS ARABES  |2 CL-VaPUC  |9 326580 
583 |a last modification  |c 19960823 00:00:00  |k Rodrigo Vera 
490 0 |a Historia Universal de la literatura 
999 |c 251240  |d 251238 
952 |0 0  |1 0  |4 0  |6 892_703000000000000_SAM_1983  |7 0  |8 P  |9 270265  |a BIBARQ  |b BIBARQ  |d 2019-11-19  |i 3222942  |o 892.703 SAM 1983  |p 3222942  |r 2025-01-20  |w 2019-11-19  |y BK  |k ARQ